Técnicas e ingenios de la Sierra de Cuenca / (Record no. 179950)

MARC details
000 -LEADER
campo de control de longitud fija 00936nam a2200265 i 4500
001 - NÚMERO DE CONTROL
campo de control 179950
003 - IDENTIFICADOR DE NÚMERO DE CONTROL
campo de control ES-MaACL
005 - FECHA Y HORA DE LA ÚLTIMA TRANSACCIÓN
campo de control 20250531063036.0
008 - DATOS DE LONGITUD FIJA--INFORMACIÓN GENERAL
campo de control de longitud fija 120306s2010 sp ao |||| | spa d
020 ## - NÚMERO INTERNACIONAL ESTÁNDAR DEL LIBRO
Número Internacional Estándar del Libro 978-84-92711-44-4
080 ## - NÚMERO DE LA CLASIFICACIÓN DECIMAL UNIVERSAL
Número de la Clasificación Decimal Universal 39(460.283)
080 ## - NÚMERO DE LA CLASIFICACIÓN DECIMAL UNIVERSAL
Número de la Clasificación Decimal Universal 72.031.4(460.283)
100 1# - ENTRADA PRINCIPAL--NOMBRE DE PERSONA
Nombre de persona Vélez, Iván,
Fechas asociadas al nombre 1972-
9 (RLIN) 149523
245 10 - MENCIÓN DEL TÍTULO
Título Técnicas e ingenios de la Sierra de Cuenca /
Mención de responsabilidad, etc. [Iván Vélez].
260 ## - PUBLICACIÓN, DISTRIBUCIÓN, ETC.
Lugar de publicación, distribución, etc. Cuenca :
Nombre del editor, distribuidor, etc. Diputación Provincial de Cuenca,
Fecha de publicación, distribución, etc. [2010]
300 ## - DESCRIPCIÓN FÍSICA
Extensión 179 p. :
Otras características físicas il. col., fot. ;
Dimensiones 21 x 23 cm.
490 1# - MENCIÓN DE SERIE
Mención de serie Etnología ;
Designación de volumen o secuencia 05
650 #4 - PUNTO DE ACCESO ADICIONAL DE MATERIA--TÉRMINO DE MATERIA
Término de materia o nombre geográfico como elemento de entrada Arquitectura popular-
Subdivisión geográfica Cuenca (Provincia)
9 (RLIN) 149524
650 #4 - PUNTO DE ACCESO ADICIONAL DE MATERIA--TÉRMINO DE MATERIA
Término de materia o nombre geográfico como elemento de entrada Cultura material-
Subdivisión geográfica España.
9 (RLIN) 149525
710 1# - ENTRADA AGREGADA--NOMBRE DE ENTIDAD CORPORATIVA
Nombre de entidad corporativa o nombre de jurisdicción como elemento de entrada Cuenca (Provincia).
Unidad subordinada Diputación Provincial.
9 (RLIN) 3346
830 0# - PUNTO DE ACCESO ADICIONAL DE SERIE-TÍTULO UNIFORME
Título uniforme Etnología ;
Designación de volumen o secuencia 05
9 (RLIN) 224568
852 ## - LOCALIZACIÓN
Ubicación ES-MaACL
Número de control de estantería A-12011
itemnumber 186855
Sublocalización o colección R.146827
Ubicación en estantería Depósito 1
Signatura antigua Olim: N-5016
942 ## - ELEMENTOS DE ENTRADA SECUNDARIOS (KOHA)
Fuente del sistema de clasificación o colocación Clasificación decimal universal
Tipo de ítem Koha Libro impreso
Holdings
Estatus retirado Estado de pérdida Fuente del sistema de clasificación o colocación Estado de daño No para préstamo Biblioteca de origen Biblioteca actual Ubicación en estantería Fecha de adquisición Fuente de adquisición Total de préstamos Signatura topográfica completa Código de barras Visto por última vez Precio de reemplazo Tipo de ítem Koha
    Clasificación decimal universal     Biblioteca del Ateneo de Madrid Biblioteca del Ateneo de Madrid Depósito 1 06/03/2012 Donación   A-12011 1189051 23/02/2023 23/02/2023 Libro impreso